Geology for engineers. (Record no. 544702)
[ view plain ]
| 000 -LEADER | |
|---|---|
| fixed length control field | 00557cam a22001571 4500 |
| 082 ## - DEWEY DECIMAL CLASSIFICATION NUMBER | |
| Classification number | 551.02462 |
| Author Mark | SOR |
| -- | L-a5, P-13 |
| 100 1# - MAIN ENTRY--PERSONAL NAME | |
| Personal name | Sorsbie, Robert Fox, |
| 9 (RLIN) | 40399 |
| 245 10 - TITLE STATEMENT | |
| Title | Geology for engineers. |
| Statement of responsibility, etc. | By Brigadier-General R. F. Sorsbie. |
| 250 ## - EDITION STATEMENT | |
| Edition statement | "First edition...1910...Thoroughly revised and largely rewritten." |
| 260 ## - PUBLICATION, DISTRIBUTION, ETC. | |
| Place of publication, distribution, etc. | London, |
| Name of publisher, distributor, etc. | G. Bell & sons ltd., |
| Date of publication, distribution, etc. | 1938. |
| 300 ## - PHYSICAL DESCRIPTION | |
| Extent | xxii, 348 p. |
| Other physical details | illus., diagrs. |
| Dimensions | 23 cm. |
| 500 ## - GENERAL NOTE | |
| General note | Includes references. |
| 526 ## - STUDY PROGRAM INFORMATION NOTE | |
| Program name | 0 |
| Interest level | 0 |
| Reading level | 0 |
| Title point value | 551_024620000000000_SOR |
| 650 #0 - SUBJECT ADDED ENTRY--TOPICAL TERM | |
| Topical term or geographic name entry element | Engineering geology. |
| 942 ## - ADDED ENTRY ELEMENTS (KOHA) | |
| Source of classification or shelving scheme | |
| Koha item type | Book |
| Withdrawn status | Lost status | Source of classification or shelving scheme | Damaged status | Not for loan | Permanent Location | Current Location | Date acquired | Total Checkouts | Full call number | Barcode | Date last seen | Date last checked out | Price effective from | Koha item type |
|---|---|---|---|---|---|---|---|---|---|---|---|---|---|---|
| Military College of Engineering (MCE) | Military College of Engineering (MCE) | 05/09/2014 | 1 | 551.02462 SOR | MCE-29974 | 05/09/2014 | 05/09/2014 | 05/09/2014 | Book |
